00531pam a2200157 a 4500020000500000041000500005082001700010100003100027245006800058250001000126260002400136300001600160930000900176999001900185952016900204 c h a954.503bSIN aMohindersingh Rishi Singh. aMaharaja Ranjit SinghbMaharaja Ranjit SinghhTextual Documents a2002. a[s.l]:bVBS, Panjab a96:bpaper. a2356 c236146d236146 001040708Text BooksaFAPbFAPd2007-05-24eBhararti Sahakari Grahak Bhandarg250.00l1o954.503 SINpFAP-2356r2023-12-29 00:00:00s2023-12-11t1w2023-03-07yBK